Word Ladder: Common Bond III Quiz Stats

Quiz Updated Oct 1, 2014

Challenge
Share
Tweet
Embed
Score 0/39 Timer 03:00
0 Plays Today
Hint 4-Letter Word % Correct
◄ TERMINATE EMPLOYMENT ◄◄ FIRE ◄
97%
Cabbie's chargeFARE
94.7%
Bouncy toyBALL
92.7%
◄ THIRTY-SIX INCHES ◄◄ YARD ◄
91.7%
Advise of dangerWARN
91.1%
Knitter's needYARN
90.7%
Witch or toad bumpWART
88.1%
Fat used in cookingLARD
87.7%
Follicly challengedBALD
86.5%
StatuesqueTALL
86.4%
Hoofbeat sound, with 'Clip'CLOP
86.3%
Box office failureFLOP
86.3%
ErodedWORN
86%
◄ VERBAL INTERCOURSE ◄◄ TALK ◄
85.8%
Chimney grimeSOOT
83.7%
HesitateWAIT
83.1%
◄ VOTING DISTRICT ◄◄ WARD ◄
82.5%
Poultry penCOOP
82.2%
'Columbo' actor Peter ____FALK
79.9%
MinstrelBARD
79.4%
Hint 4-Letter Word % Correct
Farmer's ear?CORN
79.3%
Cafe au ____LAIT
76.6%
◄ AMERICAN COMEDIAN, ____ WILSON ◄◄ FLIP ◄
76%
Narrow cutSLIT
75.7%
Too tart!SOUR
75.3%
Coin apertureSLOT
75%
Odd news websiteFARK
73.5%
Use the jacuzziSOAK
72.8%
Dart from flower to flowerFLIT
72.8%
Behave like a kiteSOAR
72.7%
Foot warmerSOCK
70.3%
Masked banditCOON
69.3%
◄ PAPER TEXTURE ◄◄ LAID ◄
68.7%
Not worth talking aboutMOOT
68.5%
Terminate employmentSACK
61.5%
Othello, e.g.MOOR
50.8%
Stern or obstinateDOUR
48.8%
◄ ROBBY KRIEGER OR RAY MANZAREK ◄◄ DOOR ◄
42.1%
◄ COMMON BOND ◄◄ BACK ◄
31.5%

Today's Daily Dose

Missing Word
1971 Movies A-Z

Word Ladder
Complete Tour

Quick Pick
Logo Colors

On This Day
January 19th

You're not logged in!

Compare scores with friends on all Sporcle quizzes.
Sign Up with Email
OR
Log In

You Might Also Like...

Show Comments

Extras

Top Quizzes Today


Score Distribution

Your Account Isn't Verified!

In order to create a playlist on Sporcle, you need to verify the email address you used during registration. Go to your Sporcle Settings to finish the process.